Les plus grandes villes du Maine et Loire - Statistiques

Statistiques générales
  • Ce quiz a été pris 100 fois
  • Le résultat moyen est 7 sur 15
Statistiques - réponses
Habitants Réponse % Correct
157,175 k Angers
99%
53,936 k Cholet
99%
26,215 k Saumur
91%
17,699 k Segré
67%
14 938 k Avrillé
61%
15 358 k Trélazé
53%
12 725 k Les Ponts de Cé
47%
23,639 k Beaupréau
46%
21,386 k Chemillé
45%
11 757 k Baugé
36%
25,806 k Sèvremoine
31%
18,331 k Mauges
20%
15,755 k Montrevault
13%
16,709 k Orée d'Anjou
11%
16,416 k Loire-Authion
8%
Aucun quiz correspondant
Distribution des résultats
% des personnes avec chaque résultat
Percentile par nombre de réponses
Votre historique - résultats
Vous n’avez pas pris ce quiz